000 01392nam0a22002531 4500
001 rc\844832
005 20260407140319.0
035 _a(NLR Aleph) 006025893
090 _a7477329
_c7477329
100 _a20041129d1984 |||y0rusy50 ca
101 0 _arus
102 _aRU
105 _ay |||||||||
200 1 _aМетодические рекомендации по планированию товарооборота запасных частей в условиях прогрессивных форм снабжения
_fВсесоюз. н.-и. и проект. ин-т по орг., экономике и технологии материально-техн. снабжения сел. хоз-ва
_g[Разраб. В.В. Пронкиным и др.]
210 _aРязань
_cВНИИМС
_d1984
215 _a92 с.
_d20
320 _aБиблиогр.: с. 91 (13 назв.)
702 1 _aПронкин
_bВ.В.
_4570
712 0 2 _aВсесоюзный научно-исследовательский и проектный институт по организации, экономике и технологии материально-технического снабжения сельского хозяйства
_cРязань
_3RU\NLR\AUTH\8810005912
_9509270
801 0 _aRU
_bNLR
_gpsbo
801 1 _aRU
_bELAR
_2rusmarc
852 _aNLR
_j85-4/22768
942 _cBOOK
980 _aNB